00521nam a22001577a 450000500170000000800410001702000140005804100130007208200150008510000540010024500870015425000200024126000470026130000300030865000250033820231101132341.0231101b |||||||| |||| 00| 0 eng d a070210888 aEnglish  a346.7 DIE  aDiemont, MA, Marais, RM and Aronstam, PJlEnglish aThe Law of Hire-Purchase in South Africa / cMA Diemont, RM Marais and PJ Aronstam aFourth Edition  aCape Town : bJuta and Company Ltd, c1978 bxl, 336 pages ; c26 cm.  aLegal practice bLaw